| 000 | 00448nam a22001697a 4500 | ||
|---|---|---|---|
| 003 | SGT | ||
| 020 | _a9789386896797 | ||
| 082 |
_a610.7368 _bC22S |
||
| 100 | _aSAHARAN, KHUSHBU | ||
| 245 | _aA COMPREHENSIVE PROCEDURE MANUAL OF PEDIATRIC NURSING | ||
| 250 | _a1ST | ||
| 260 |
_aINDIA _bAHUJA PUB. _c2022 |
||
| 300 | _a145 | ||
| 650 | _aNRUSING PEDIATRICS | ||
| 653 | _aA COMPREHENSIVE PROCEDURE MANUAL OF PEDIATRIC NURSING | ||
| 942 |
_2ddc _cBK |
||
| 999 |
_c23828 _d23828 |
||